000 00963nam a22001457a 4500
999 _c521001
_d521001
008 221207b ||||| |||| 00| 0 eng d
100 _aMastrobuoni, Giovanni and Terlizzese, Daniele
_935767
245 _aLeave the door open? Prison conditions and recidivism
260 _aAmerican Economic Journal: Applied Economics
300 _a14(4), Oct, 2022: p.200-233
520 _aWe estimate the effect on recidivism of replacing time served in a common closed-cell prison with time served in an open-cell one. We deal with the endogenous assignment of inmates to different prison regimes using variation that is driven by nearby prisons' overcrowding. Switching regimes for a year reduces recidivism by around 6 percentage points. The effects are largest for inmates with low levels of education and are weak for violent and hardened criminals. – Reproduced
773 _aAmerican Economic Journal: Applied Economics
906 _aPRISONS
942 _cAR